000 004480000a22001690004500
003 MACL
005 20151229134838.0
008 151229b xxu||||| |||| 00| 0 eng d
040 _aMACL
_cMACL
041 _aEnglish
082 _a181.9/SAN
100 _aSadhu Santinatha
_923902
245 _aThe Critical Examination of the Philosophy of Religion
_bvol 2
260 _bAmalner
_c1938
650 _aPhilosophy
_923903
942 _cBK
_k181.9/SAN
_2ddc
999 _c36340
_d36340